Space Invaders Pixel Art #1 - Sudden Death - Statistics

General Stats
  • This quiz has been taken 90,373 times
  • The average score is 16 of 46
Answers on the Grid
Answers color-coded by a green-red scale on the quiz's grid according to % correct below.
 
Answer Stats
Answer % Correct
61%
60%
54%
52%
46%
45%
43%
42%
42%
42%
42%
41%
41%
41%
40%
39%
37%
36%
36%
35%
35%
35%
35%
35%
35%
34%
34%
32%
32%
31%
30%
30%
29%
28%
28%
28%
28%
27%
27%
27%
26%
26%
25%
24%
23%
23%
No matching quizzes found
Score Distribution
Percent of People with Each Score
Percentile by Number Answered
Your Score History
You have not taken this quiz